000 01329cam a2200229 4500
001 L136906
008 070301n2007 000 0 eng u
035 _a(Sirsi) u136906
041 0 _aeng
050 _a711.1 $2 18
110 2 _aUnited Kingdom
_bHealth and Safety Executive
245 0 0 _aProposals for revised policies for HSE advice on development control around large-scale petrol storage sites
_h[electronic resource]
260 _aLondon
_bHSE
_c2007
505 2 _aBackground - the LUP system around major hazard sites -- The Buncefield incident and its implications for land use planning -- The options -- Wider implications for other major hazard sites.
520 _aDescribes the background to the land use planning system around major hazards sites and then considers the Buncefield incident and its implications for land use planning. Seeks consultation on whether the HSE's land use planning objectives and principles remain a sound basis for their advice.
590 _aKA
651 4 _aGREAT BRITAIN
690 _aENVIRONMENTAL AND LAND CONSULTANCY-PLANNING AND DEVELOPMENT-PLANNING GUIDANCE
690 _aMANAGEMENT-HEALTH AND SAFETY-HAZARDOUS SUBSTANCES
856 4 0 _uhttps://www.hse.gov.uk/consult/condocs/cd211.htm
_zView the consultation document free of charge at www.hse.gov.uk...
942 _n0
999 _c106539
_d106539